000 00225 a2200109 4500
020 _a9788427285033
041 _aspa
100 _aChristie, Agatha
245 _aAsesinato en el campo de golf
942 _cBK
999 _c27168
_d27168
999 _d27168